LEADER 01303nam a2200313 u 4500 001 000000062398 003 CaOOAMICUS 005 20070226121129.0 008 010927s1985 fr u000 u fre u 020 $a2718902841 035 $a10904569 040 $aPUL(R)$bita 100 1 $aNeusch, Marcel.$0(OLS)http://pul/name/11395 245 14$aLes chrétiens et leur vision de l'homme /$cMarcel Neusch. 260 $aParis :$bDesclée,$cc1985. 300 $a304 p. ;$c23 cm 490 1 $aLe christianisme et la foi chrétienne : manuel de théologie ;$v4 500 $aContiene indici. 504 $aBibliografia p. 11 e in nota. 650 4$aTeologia$xManuali, compendi.$0(OLS)http://pul/subject/19822 650 4$aCristianesimo$xStoria.$0(OLS)http://pul/subject/269 830 3$aLe christianisme et la foi chrétienne : manuel de théologie ;$v4.$0(OLS)http://pul/title/77051 850 $aPUL 852 $aPUL$W1$xSL Religione 1$y3$m67 B 86$j81147$nBK-PRI$b $qStampati$B81147$CPULBib$Z2$F81147 $H $81 941 1 $a8 961 $aINV: 53900 996 $6020$a2718902841$9(OLS)http://pul/number/80924 996 $6245$aLes chrétiens et leur vision de l'homme$9(OLS)http://pul/title/83259 996 $6260$aParis :$bDesclée$9(OLS)http://pul/publisher/54080 LEADER 01272nam a2200289 u 4500 001 000000068229 003 CaOOAMICUS 005 20070226121756.0 008 020306s1992 enk u000 u eng u 035 $a10922736 040 $aPUL(R)$bita 100 1 $aKuttner, Stephan,$d1907-1996.$0(OLS)http://pul/name/4845 245 14$aThe history of ideas and doctrines of canon law in the Middle Ages /$cStephan Kuttner. 250 $aSecond ed. 260 $aLondon :$bVariorum reprints,$cc1992. 300 $aPaginazione discontinua ;$c24 cm 490 1 $aCollected studies series ;$v113 650 4$aDiritto canonico$xStoria.$0(OLS)http://pul/subject/6162 650 4$aDiritto canonico medievale.$0(OLS)http://pul/subject/8577 651 4$aEuropa$xStoria ecclesiastica.$0(OLS)http://pul/subject/21413 830 0$aCollected studies series ;$v113.$0(OLS)http://pul/title/72 850 $aPUL 852 $aPUL$W1$xSL Filosofia 1$y2$m115 H 3$j88268$nBK-PRI$b $qStampati$B88268$CPULBib$Z2$F88268 $H $81 941 1 $a8 961 $aINV: 77614 996 $6245$aThe history of ideas and doctrines of canon law in the Middle Ages$9(OLS)http://pul/title/90294 996 $6260$aLondon :$bVariorum reprints$9(OLS)http://pul/publisher/62198